Szczegóły MARC21

Współczesne przekłady utworów Mickiewicza : (studia kulturowo-literackie) /

003 -Nazwa inst., której nr kontr. jest w polu 001 [,]
    • @
    • Nazwa instytucji, której n kontrolny jest w polu 001
    • NUKAT
005 -DATA I CZAS OSTATNIEJ MODYFIKACJI [,]
    • @
    • pole kontrolne
    • 20241231102453.0
020 -Międzynarod. znormalizowany nr książki - ISBN [ , ]
    • a
    • Numer ISBN
    • 8371642830 Find
040 -Instytucja sporządzająca opis [ , ]
    • a
    • Instytucja, która sporządziła opis (NP)
    • WR O/KK
    • c
    • Instytucja, która sporządziła rekord (NP)
    • WR O/KK
    • d
    • Instytucja, która zmodyfikowała rekord (P)
    • WR O/KKs
    • d
    • Instytucja, która zmodyfikowała rekord (P)
    • WR O/PC
041 -Język dokumentu [0, ]
    • a
    • Język tekstu (P)
    • polski
    • b
    • Język streszczeń lub abstraktu (P)
    • angielski
    • b
    • Język streszczeń lub abstraktu (P)
    • francuski
942 -Rodzaj dokumentu [ , ]
    • c
    • Rodzaj dokumentu
    • Książka
100 -Hasło główne - nazwa osobowa [1, ]
    • a
    • Nazwa osobowa (NP)
    • Sławkowa, Ewa
    • d
    • Daty biograficzne (NP)
    • (1946- ).
    • 9
    • KHW
    • 415123
245 -Strefa tytułu i oznaczenia odpowiedzialności [1,0]
    • a
    • Tytuł
    • Współczesne przekłady utworów Mickiewicza : Find
    • b
    • Ciąg dalszy tytułu (NP)
    • (studia kulturowo-literackie) / Find
    • c
    • Pozostałe elementy strefy tytułu i oznaczenia odpowiedzialności (NP)
    • Ewa Sławkowa, Jadwiga Warchoł.
260 -Strefa adresu wydawniczego [ , ]
    • a
    • Miejsce wydania (P)
    • Katowice :
    • b
    • Nazwa wydawcy (P)
    • Śląsk,
    • c
    • Data wydania (P)
    • 2000.
300 -Strefa opisu fizycznego [ , ]
    • a
    • Określenie formy książki i/lub objętość (NP)
    • 180 s. ;
    • c
    • Format (NP)
    • 21 cm.
336 -Typ zawartości [ , ]
    • a
    • Termin opisujący typ zawartości
    • Tekst
    • b
    • Kod określający zawartość
    • txt
    • 2
    • Źródło (terminu i kodu)
    • rdacontent
337 -Typ mediów [ , ]
    • a
    • Tryb odtwarzania
    • Bez urządzenia pośredniczącego
    • b
    • Kod typu mediów
    • n
    • 2
    • Źródło (terminu i kodu)
    • rdamedia
338 -Typ/rodzaj nośnika [ , ]
    • a
    • Hasło opisujące typ nośnika
    • Wolumin
    • b
    • Kod typu nośnika
    • nc
    • 2
    • Źródło (terminu i kodu)
    • rdacarrier
490 -Strefa serii i książki wielotomowej - forma nie do wyszukiwania [1, ]
    • a
    • Tytuł (P)
    • Studia o Przekładzie, Find
    • x
    • ISSN (NP)
    • 1501-3296 [i. e. 1505-3296] ;
    • v
    • Numeracja (P)
    • nr 11
830 -Hasło dodatkowe serii i opisu książki wielotomowej - tytuł ujednolicony/tytuł [ ,0]
    • a
    • Tytuł ujednolicony/tytuł (NP)
    • Studia o Przekładzie
    • x
    • ISSN
    • 1505-3296
    • v
    • Oznaczenie tomu (NP)
    • nr 11
    • 9
    • KHW
    • 468833
504 -Uwaga dot. bibliogr. załącznikowej [ , ]
    • a
    • Uwaga dot. bibliografii załącznikowej
    • "Bibliografia francuskich przekładów Adama Mickiewicza (w latach dziewięćdziesiątych XX wieku)" s. [173].
546 -Uwaga dot. języka [ , ]
    • a
    • Uwaga dot. języka
    • Streszcz. ang., fr.
080 -Uniwersalna Klasyfikacja Dziesiętna [ , ]
    • a
    • Symbol klasyfikacji
    • 884(091)-1"18"Mickiewicz A.
080 -Uniwersalna Klasyfikacja Dziesiętna [ , ]
    • a
    • Symbol klasyfikacji
    • :82.03
600 -Hasło przedmiotowe w formie nazwy osobowej [1,7]
    • a
    • Nazwa osobowa
    • Mickiewicz, Adam
    • d
    • Daty związane z nazwą
    • (1798-1855)
    • x
    • Określnik rzeczowy
    • tłumaczenia angielskie
    • x
    • Określnik rzeczowy
    • historia i krytyka.
    • 2
    • Źródło terminu
    • kaba
    • 9
    • KHW
    • 644692
600 -Hasło przedmiotowe w formie nazwy osobowej [1,7]
    • a
    • Nazwa osobowa
    • Mickiewicz, Adam
    • d
    • Daty związane z nazwą
    • (1798-1855)
    • x
    • Określnik rzeczowy
    • tłumaczenia francuskie
    • x
    • Określnik rzeczowy
    • historia i krytyka.
    • 2
    • Źródło terminu
    • kaba
    • 9
    • KHW
    • 644693
980 -Symbol UKD [ , ]
    • a
    • UKD
    • 884(091)-1"18"Mickiewicz A.:82.03
700 -Hasło dodatkowe - nazwa osobowa [1, ]
    • a
    • Nazwa osobowa (NP)
    • Warchoł, Jadwiga. Find
    • 9
    • KHW
    • 644407
710 -Hasło dodatkowe - nazwa ciała zbiorowego [2, ]
    • a
    • Nazwa ciała zbiorowego lub nazwa geograficzna jako pierwszy element (NP)
    • Wydawnictwo Naukowe "Śląsk".
    • 4
    • Kod relacji
    • pbl
    • 9
    • KHW
    • 58150
920 -ISBN [ , ]
    • a
    • ISBN
    • 83-7164-283-0 Find
Data inwentaryzacji Status udost. Lokalizacja Sygnatura Numer inwentarzowy
2003-01-101BMTranslatoryka p. artystyczny 14P.18653